000 00443nam a2200157Ia 4500
003 GCL
008 140319s9999 xx 000 0 ara d
040 _aGCL /
_cGCL
082 0 4 _aط
_b813.02
_bع م
100 1 _aيعقوب الشارونى
245 1 0 _aسر بن الخطاب /
_cيعقوب الشارونى
490 _aالمكتبة الذهبية
_v0
650 0 4 _aالاطفال
650 0 4 _aقصص الاطفال
942 _2ddc
_cBK
999 _c38995
_d38995